000 00258nam a22001097a 4500
008 160505b xxu||||| |||| 00| 0 eng d
020 _a0697122522
041 _aeng
080 _a611
245 _aHuman anatomy:
_cJohn W. Hole; Karen A. Koos;
942 _2udc
_cBK
999 _c1806
_d1806